Geology and paleontology of the Santa Fe Group, southwestern Albuquerque Basin, Valencia County, New Mexico /

Bibliographic Details
Main Author: Lozinsky, Richard P.
Other Authors: Tedford, Richard H.
Format: Book
Language:English
Published: Socorro : New Mexico Bureau of Mines & Mineral Resources, New Mexico Institute of Mining & Technology, [1991]
Series:Bulletin (New Mexico. Bureau of Mines and Mineral Resources) ; 132.
Subjects:

MARC

Tag First Indicator Second Indicator Subfields
LEADER 00000cam a2200000 a 4500
001 in00001088872
005 20150929204444.0
008 920312s1991 nmuab tb 000 0 eng
010 |a  92620279  
035 |a (OCoLC)24350487 
035 |9 AFT4467AM 
040 |a DLC  |c DLC  |d GIS  |d TXA  |d UtOrBLW 
043 |a n-us-nm  |a n-us-co  |a n-us-tx 
049 |a TXAM 
050 0 0 |a TN24.N6  |b A232 no. 132  |a QE571 
082 0 0 |a 553/.09789 s  |a 557.89/92  |2 20 
100 1 |a Lozinsky, Richard P. 
245 1 0 |a Geology and paleontology of the Santa Fe Group, southwestern Albuquerque Basin, Valencia County, New Mexico /  |c by Richard P. Lozinsky and Richard H. Tedford. 
264 1 |a Socorro :  |b New Mexico Bureau of Mines & Mineral Resources, New Mexico Institute of Mining & Technology,  |c [1991] 
300 |a 35 pages :  |b illustrations, color maps ;  |c 28 cm. 
336 |a text  |b txt  |2 rdacontent 
337 |a unmediated  |b n  |2 rdamedia 
338 |a volume  |b nc  |2 rdacarrier 
490 1 |a Bulletin / New Mexico Bureau of Mines & Mineral Resources ;  |v 132 
500 |a Three folded maps in pocket. 
504 |a Includes bibliographical references (pages 29-30). 
650 0 |a Sedimentation and deposition  |z New Mexico  |z Albuquerque Basin. 
650 0 |a Geology, Stratigraphic  |y Cenozoic. 
650 0 |a Geology  |z New Mexico  |z Albuquerque Basin. 
651 0 |a Santa Fe Group. 
650 0 |a Paleontology  |z New Mexico  |z Albuquerque Basin. 
651 4 |a Santa Fe Group. 
700 1 |a Tedford, Richard H. 
830 0 |a Bulletin (New Mexico. Bureau of Mines and Mineral Resources) ;  |v 132. 
999 |a MARS 
999 f f |s 2f0d87da-2f74-3cb0-8283-a3bf4445ecb3  |i 888207b2-08e0-3703-bd53-c6b914774e91  |t 0 
952 f f |p ric  |a Texas A&M University  |b Rellis Campus  |c Joint Library Facility  |d Remote Storage  |t 0  |e TN24.N6 A232 no.132  |h Library of Congress classification  |i unmediated -- volume  |m A14816665239 
998 f f |a TN24.N6 A232 no.132  |t 0  |l Remote Storage